000 01278nam2a2200313 4500
001 RU\NLR\BIBL_A\022218443
005 20250806202937.0
035 _a(NLR Aleph) 022218443
090 _a64968
_c64968
100 _a20250806 rusy50
101 0 _arus
102 _aRU
135 _acrcn 024anaba
200 0 _a1945, № 13 (28 дек.)
210 _d1945
325 1 _aКопия доступна в электронной библиотеке РНБ
461 0 _1001RU\NLR\BIBL_A\010904807
_12001#$aВечерний Петербург$eежедневная городская газета$v1945, № 13 (28 дек.)
852 _aNLR
_jЛ732
856 0 _uhttps://vivaldi.nlr.ru/pn000307934/view
856 1 _uhttps://vivaldi.nlr.ru/pn000307934/cover
856 2 _uhttps://vivaldi.nlr.ru/pn000307934/text
901 _eГазеты
942 _cISSNP
945 _aРоссийская национальная библиотека
980 _aNB
980 _aBV
981 2 7 _a(27) Периодические издания
_b(27) Газеты